|
|
|
|
| LEADER |
02010nam a2200457 i 4500 |
| 001 |
EBC4518840 |
| 003 |
MiAaPQ |
| 005 |
20200520144314.0 |
| 006 |
m o d | |
| 007 |
cr cnu|||||||| |
| 008 |
150810t20162016nyu ob 001 0beng|d |
| 020 |
|
|
|z 9780231176088 (cloth : alk. paper)
|
| 020 |
|
|
|a 9780231541480
|q (electronic bk.)
|
| 035 |
|
|
|a (MiAaPQ)EBC4518840
|
| 035 |
|
|
|a (Au-PeEL)EBL4518840
|
| 035 |
|
|
|a (CaPaEBR)ebr11209904
|
| 035 |
|
|
|a (CaONFJC)MIL934507
|
| 035 |
|
|
|a (OCoLC)948826672
|
| 040 |
|
|
|a MiAaPQ
|b eng
|e rda
|e pn
|c MiAaPQ
|d MiAaPQ
|
| 043 |
|
|
|a e-hu---
|
| 050 |
|
4 |
|a HB102.P64
|b D348 2016
|
| 082 |
0 |
|
|a 330.15/42092
|a B
|2 23
|
| 100 |
1 |
|
|a Dale, Gareth,
|e author.
|
| 245 |
1 |
0 |
|a Karl Polanyi :
|b a life on the left /
|c Gareth Dale.
|
| 264 |
|
1 |
|a New York :
|b Columbia University Press,
|c [2016]
|
| 264 |
|
4 |
|c 2016
|
| 300 |
|
|
|a 1 online resource (394 pages)
|
| 336 |
|
|
|a text
|2 rdacontent
|
| 337 |
|
|
|a computer
|2 rdamedia
|
| 338 |
|
|
|a online resource
|2 rdacarrier
|
| 504 |
|
|
|a Includes bibliographical references and index.
|
| 505 |
0 |
|
|a Introduction -- In the East-West salon -- Bearing the cross of war -- Triumph and tragedy of Red Vienna -- Challenges and responses -- The ctaclysm and its origins -- Injustices and inhumanities -- The precariousness of existence -- Epilogue: a lost world of socialism.
|
| 588 |
|
|
|a Description based on print version record.
|
| 590 |
|
|
|a Electronic reproduction. Ann Arbor, MI : ProQuest, 2016. Available via World Wide Web. Access may be limited to ProQuest affiliated libraries.
|
| 600 |
1 |
0 |
|a Polanyi, Karl,
|d 1886-1964.
|
| 650 |
|
0 |
|a Economists
|z Hungary
|v Biography.
|
| 650 |
|
0 |
|a Economics
|x History.
|
| 655 |
|
4 |
|a Electronic books.
|
| 776 |
0 |
8 |
|i Print version:
|a Dale, Gareth.
|t Karl Polanyi : a life on the left.
|d New York : Columbia University Press, [2016]
|z 9780231176088
|w (DLC) 2015029465
|
| 797 |
2 |
|
|a ProQuest (Firm)
|
| 856 |
4 |
0 |
|u https://ebookcentral.proquest.com/lib/matrademy/detail.action?docID=4518840
|z Click to View
|